| 000 | 00920nam a22002417a 4500 | ||
|---|---|---|---|
| 999 |
_c63472 _d63472 |
||
| 005 | 20240530110643.0 | ||
| 008 | 171025s2015 ua g b 000 0 ara d | ||
| 017 |
_a2015/7423 _bمصر. دار الكتب |
||
| 020 | _a9789773506391 | ||
| 040 |
_aEG-CaGPL _cEG-CaGPL |
||
| 082 | 0 | 4 |
_221 _a307.76\ _bب م |
| 100 | 0 | _aبن داود ابراهيم . | |
| 245 | 1 | 2 |
_aالمجتمع المدنى بين الفاعلية و التغييب / _bاعداد و تاليف بن داود ابراهيم . |
| 250 | _aط.1 | ||
| 260 |
_aالقاهرة : _bدار الكتاب الحديث ، _c2015 . |
||
| 300 |
_a120 ص. ؛ _c24 سم. |
||
| 650 | 0 | 7 |
_2qrmak _aالمجتمع المدنى |
| 650 | 0 | 7 |
_2qrmak _aالمجتمعات الحضرية |
| 650 | 0 | 7 |
_2qrmak _aالجمعيات _xقوانين وتشريعات _zالجزائر . |
| 651 | _2qrmak | ||
| 942 |
_2ddc _cBK |
||